Biomarkers : Biochemical, physiological, and histological markers of anthropogenic stress
This book provides a survey of biochemical, physiological and histological biomarkers of environmental stress, along with evaluations of the strengths and weaknesses of various techniques for different applications.
Zapisane w:
| 1. autor: | |
|---|---|
| Format: | Książka |
| Język: | Undetermined |
| Wydane: |
Boca Raton
Lewis Publishers
1992
|
| Hasła przedmiotowe: | |
| Etykiety: |
Dodaj etykietę
Nie ma etykietki, Dołącz pierwszą etykiete!
|
| Thư viện lưu trữ: | Trung tâm Học liệu Trường Đại học Cần Thơ |
|---|
| LEADER | 01073nam a2200241Ia 4500 | ||
|---|---|---|---|
| 001 | CTU_237568 | ||
| 008 | 210402s9999 xx 000 0 und d | ||
| 082 | |a 577.2 | ||
| 082 | |b B615 | ||
| 100 | |a Jamil, Kaiser | ||
| 245 | 0 | |a Biomarkers : | |
| 245 | 0 | |b Biochemical, physiological, and histological markers of anthropogenic stress | |
| 245 | 0 | |c Edited by Robert J. Huggett ... [et al.]. | |
| 260 | |a Boca Raton | ||
| 260 | |b Lewis Publishers | ||
| 260 | |c 1992 | ||
| 520 | |a This book provides a survey of biochemical, physiological and histological biomarkers of environmental stress, along with evaluations of the strengths and weaknesses of various techniques for different applications. | ||
| 526 | |a Đánh dấu sinh học trong cảnh báo ô nhiễm | ||
| 526 | |b MT613 | ||
| 650 | |a Indicators ( biology ),Biochemical markers,Environmental monitoring,Các chỉ số (sinh học),Dấu ấn sinh hóa,Kiểm soát môi trường | ||
| 904 | |i Minh | ||
| 910 | |a Tuyến | ||
| 980 | |a Trung tâm Học liệu Trường Đại học Cần Thơ | ||